বঙ্গবন্ধু শেখ মুজিবুর রহমান জনক আমার নেতা আমার / (Record no. 6437)
[ view plain ]
| 000 -LEADER | |
|---|---|
| fixed length control field | 00684nam a22001817a 4500 |
| 003 - CONTROL NUMBER IDENTIFIER | |
| control field | BUBTL |
| 008 - FIXED-LENGTH DATA ELEMENTS--GENERAL INFORMATION | |
| fixed length control field | 210215b xxu||||| |||| 00| 0 eng d |
| 020 ## - INTERNATIONAL STANDARD BOOK NUMBER | |
| International Standard Book Number | 9789845982856 |
| 082 ## - DEWEY DECIMAL CLASSIFICATION NUMBER | |
| Classification number | 954.92 / R1293b |
| 100 ## - MAIN ENTRY--PERSONAL NAME | |
| 9 (RLIN) | 3866 |
| Personal name | হাসিনা, শেখ |
| 245 ## - TITLE STATEMENT | |
| Title | বঙ্গবন্ধু শেখ মুজিবুর রহমান জনক আমার নেতা আমার / |
| Statement of responsibility, etc. | শেখ হাসিনা |
| 260 ## - PUBLICATION, DISTRIBUTION, ETC. (IMPRINT) | |
| Place of publication, distribution, etc. | ঢাকা, |
| Name of publisher, distributor, etc. | চারুলিপি : |
| Date of publication, distribution, etc. | c2021. |
| 300 ## - PHYSICAL DESCRIPTION | |
| Extent | 200 p. : |
| Other physical details | ill. ; |
| Dimensions | 24 cm. |
| 650 #0 - SUBJECT ADDED ENTRY--TOPICAL TERM | |
| 9 (RLIN) | 3868 |
| Topical term or geographic name as entry element | বঙ্গবন্ধু |
| 856 ## - ELECTRONIC LOCATION AND ACCESS | |
| Password | 0 |
| Logon | 0 |
| Link text | Download |
| 942 ## - ADDED ENTRY ELEMENTS (KOHA) | |
| Source of classification or shelving scheme | |
| Koha item type | Books |
| Withdrawn status | Lost status | Source of classification or shelving scheme | Damaged status | Not for loan | Collection code | Permanent location | Current location | Shelving location | Date acquired | Source of acquisition | Inventory number | Total Checkouts | Full call number | Barcode | Date last seen | Copy number | Price effective from | Koha item type |
|---|---|---|---|---|---|---|---|---|---|---|---|---|---|---|---|---|---|---|
| Not For Loan | Historical Books | Bangladesh University of Business and Technology Library | Bangladesh University of Business and Technology Library | Historical Books | 02/14/2021 | Purchase | 27720 | 954.92 / R1293b | BUBTL-200327720 | 02/15/2021 | C-1 | 02/15/2021 | Books | |||||
| Historical Books | Bangladesh University of Business and Technology Library | Bangladesh University of Business and Technology Library | Historical Books | 02/14/2021 | Purchase | 27721 | 954.92 / R1293b | BUBTL-200327721 | 02/15/2021 | C-2 | 02/15/2021 | Books | ||||||
| Historical Books | Bangladesh University of Business and Technology Library | Bangladesh University of Business and Technology Library | Historical Books | 02/14/2021 | Purchase | 27722 | 954.92 / R1293b | BUBTL-200327722 | 02/15/2021 | C-3 | 02/15/2021 | Books | ||||||
| Historical Books | Bangladesh University of Business and Technology Library | Bangladesh University of Business and Technology Library | Historical Books | 02/14/2021 | Purchase | 27723 | 954.92 / R1293b | BUBTL-200327723 | 02/15/2021 | C-1 | 02/15/2021 | Books | ||||||
| Historical Books | Bangladesh University of Business and Technology Library | Bangladesh University of Business and Technology Library | Historical Books | 02/14/2021 | Purchase | 27724 | 954.92 / R1293b | BUBTL-200327724 | 02/15/2021 | C-5 | 02/15/2021 | Books |
